Statistics for All Countries that Do Not Use the Latin Alphabet

Click here to take the quiz!

General Stats

  • This quiz has been taken 207 times
  • The average score is 48 of 55

Answer Stats

Country% Correct
India
98%
Russia
98%
China
97%
Japan
96%
South Korea
96%
Egypt
95%
Morocco
95%
North Korea
95%
Thailand
95%
Algeria
94%
Afghanistan
93%
Iran
93%
Oman
93%
Saudi Arabia
93%
Israel
92%
Pakistan
92%
Iraq
91%
Kuwait
91%
Laos
91%
Qatar
91%
Ukraine
91%
Yemen
91%
Cambodia
90%
Kazakhstan
90%
Mongolia
90%
Nepal
90%
Sudan
90%
Syria
90%
United Arab Emirates
90%
Belarus
89%
Greece
89%
Libya
89%
Tunisia
89%
Armenia
87%
Bahrain
87%
Lebanon
87%
Jordan
86%
Kyrgyzstan
86%
Myanmar
86%
Sri Lanka
86%
Bangladesh
84%
Ethiopia
84%
Tajikistan
84%
Georgia
82%
Taiwan
82%
Bulgaria
81%
Eritrea
80%
Somalia
80%
Mauritania
79%
Serbia
79%
Djibouti
77%
North Macedonia
73%
Bosnia and Herzegovina
69%
Cyprus
69%
Montenegro
67%

Score Distribution

Percentile by Number Answered

Percent of People with Each Score

Your Score History

You have not taken this quiz